000 00832nam a2200265 i 4500
001 000022590
003 DO-SdBNP
005 20241017112735.0
007 ta
008 241017s19? dr 000 0 spa d
040 _aDO-SdBNP
_bspa
_cBNPHU
_erda
082 4 _bU58
_222
245 0 _aEl universo enciclopedia de la astronomia y el espacio :
_bun viaje más allá de los confines de lo conocido para descubrir los misterios del espacio infinito
264 1 _aCiudad desconocida :
_bPlaneta DeAgostini,
_cfecha no identificada
300 _apaginas variadas ;
_c29 cm.
336 _atexto
_btxt
_2rdacontent
337 _asin mediación
_bn
_2rdamedia
338 _avolumen
_bnc
_2rdacarrier
590 _aInventariado, 2024/ DG
600 _986713
651 _986714
651 _986715
910 _aDG
942 _2ddc
_cLF2
999 _c57891
_d57891